[Event "Toronto Closed"]
[Site "Toronto CAN"]
[Date "2014.03.17"]
[Round "1"]
[White "Derraugh, Geordie"]
[Black "Zhang, Yuanchen"]
[Result "1/2-1/2"]
[WhiteElo "2368"]
[BlackElo "2305"]
[PlyCount "102"]
[GameId "2160767909120774"]
[EventDate "2014.03.17"]
[EventType "tourn"]
[EventRounds "7"]
[EventCountry "CAN"]

1. e4 e5 2. Nf3 Nc6 3. Bc4 Bc5 4. c3 Nf6 5. d3 a6 6. Bb3 d6 7. O-O O-O 8. h3 Ba7 9. Be3 b5 10. Nh4 Be6 11. Qf3 Nd7 12. Nf5 Bxe3 13. fxe3 Bxb3 14. Qg4 g6 15. axb3 Kh8 16. Ng3 f6 17. Nd2 Qe7 18. Rf3 Rg8 19. d4 h5 20. Qh4 Qh7 21. b4 Qh6 22. Nb3 Rg7 23. Nf1 g5 24. Qf2 g4 25. Rf5 gxh3 26. Ng3 Rg5 27. Rxg5 Qxg5 28. Nf5 Rg8 29. g3 h4 30. Kh2 hxg3+ 31. Qxg3 Qxg3+ 32. Nxg3 Ndb8 33. Kxh3 Ne7 34. Rf1 Nd7 35. Nh5 Rg6 36. dxe5 Nxe5 37. Rxf6 Rg1 38. Rf8+ Kh7 39. Ng3 Kg7 40. Rf1 Rxf1 41. Nxf1 Nc4 42. Nd4 Nxb2 43. Ne6+ Kf7 44. Nxc7 Nd1 45. Nxa6 Nxc3 46. Kg4 Nxe4 47. Kf4 Nc3 48. e4 Nc6 49. Ke3 Na2 50. Nc7 Naxb4 51. Nxb5 d5 1/2-1/2

[Event "Toronto Closed"]
[Site "Toronto CAN"]
[Date "2014.03.24"]
[Round "2"]
[White "Zhang, Yuanchen"]
[Black "Barron, Michael"]
[Result "1-0"]
[WhiteElo "2305"]
[BlackElo "2275"]
[PlyCount "139"]
[GameId "2160767909120777"]
[EventDate "2014.03.17"]
[EventType "tourn"]
[EventRounds "7"]
[EventCountry "CAN"]

1. d4 f5 2. g3 Nf6 3. Bg2 g6 4. Nf3 Bg7 5. O-O O-O 6. c4 d6 7. Nc3 Qe8 8. b3 e5 9. dxe5 dxe5 10. e4 Nc6 11. Nd5 Qd7 12. exf5 e4 13. Ng5 Nxd5 14. cxd5 Bxa1 15. dxc6 Qxd1 16. Rxd1 gxf5 17. Ba3 Bf6 18. Bxf8 Bxg5 19. cxb7 Bxb7 20. Bc5 a5 21. Bh3 a4 22. Bxf5 axb3 23. Rd7 Bf6 24. Be6+ Kh8 25. Bxb3 Rc8 26. h4 Bc6 27. Rf7 Bg7 28. Be6 Re8 29. Bd7 Bxd7 30. Rxd7 Be5 31. Kg2 Kg8 32. a4 Re6 33. a5 Bc3 34. Rxc7 Bxa5 35. Rd7 Bc3 36. Kf1 Ra6 37. Re7 Ra1+ 38. Kg2 Ra4 39. Be3 Bf6 40. Rd7 Ra5 41. Kf1 Ra2 42. Rc7 Ra4 43. Ke2 Ra2+ 44. Bd2 Bd4 45. Rd7 Bc5 46. Rd5 Bb6 47. Rd7 Bc5 48. h5 Rb2 49. g4 Ra2 50. g5 Bb4 51. Ke3 Bc5+ 52. Kxe4 Bxf2 53. Bc3 Ra4+ 54. Kf5 Bc5 55. Rg7+ Kf8 56. Rxh7 Bd4 57. Bxd4 Rxd4 58. Ra7 Kg8 59. g6 Rd8 60. h6 Rb8 61. Ra6 Rc8 62. Kf6 Rb8 63. Rd6 Re8 64. Rd5 Ra8 65. Ke7 Ra7+ 66. Rd7 Ra8 67. Rd8+ Rxd8 68. Kxd8 Kf8 69. g7+ Kf7 70. Kd7 1-0

[Event "Aurora Spring op"]
[Site "Aurora CAN"]
[Date "2014.03.08"]
[Round "1.5"]
[White "Zhang, Yuanchen"]
[Black "Yu, Wenlu"]
[Result "1-0"]
[WhiteElo "2118"]
[BlackElo "1836"]
[PlyCount "69"]
[GameId "2160767909120946"]
[EventDate "2014.03.08"]
[EventType "swiss"]
[EventRounds "5"]
[EventCountry "CAN"]
[SourceTitle "EXT 2022"]
[Source "ChessBase"]
[SourceDate "2021.10.06"]
[SourceVersion "1"]
[SourceVersionDate "2021.10.06"]
[SourceQuality "1"]

1. d4 Nf6 2. c4 g6 3. Nc3 d5 4. Nf3 Bg7 5. Qb3 dxc4 6. Qxc4 O-O 7. e4 c6 8. Be2 b5 9. Qb3 a5 10. Qc2 Bb7 11. O-O Nbd7 12. e5 Ne8 13. Ng5 Nc7 14. Bf3 Rc8 15. Be3 Ba8 16. e6 Nxe6 17. Nxe6 fxe6 18. Bg4 e5 19. dxe5 Nxe5 20. Bxc8 Qxc8 21. Bc5 Qg4 22. Ne2 Nf3+ 23. Kh1 Be5 24. gxf3 Qxf3+ 25. Kg1 Qg4+ 26. Ng3 Rf3 27. Qd2 h5 28. Qd8+ Kh7 29. Qxe7+ Bg7 30. Rad1 Rf8 31. Rd7 Rg8 32. Bd4 c5 33. Bxg7 Qf3 34. Bf8+ Kh8 35. Qh7# 1-0

[Event "Aurora Spring op"]
[Site "Aurora CAN"]
[Date "2014.03.09"]
[Round "4.1"]
[White "Zhang, Yuanchen"]
[Black "Sambuev, Bator"]
[Result "0-1"]
[WhiteElo "2118"]
[BlackElo "2554"]
[PlyCount "58"]
[GameId "2160767909120964"]
[EventDate "2014.03.08"]
[EventType "swiss"]
[EventRounds "5"]
[EventCountry "CAN"]
[SourceTitle "EXT 2022"]
[Source "ChessBase"]
[SourceDate "2021.10.06"]
[SourceVersion "1"]
[SourceVersionDate "2021.10.06"]
[SourceQuality "1"]

1. d4 Nf6 2. c4 e6 3. Nc3 Bb4 4. e3 c5 5. Bd3 Nc6 6. Nf3 Bxc3+ 7. bxc3 d6 8. O-O e5 9. Nd2 O-O 10. d5 Ne7 11. Rb1 Ng6 12. Qc2 Qe7 13. Re1 Ng4 14. Bf5 Bxf5 15. Qxf5 Nh6 16. Qh5 f5 17. e4 Nf4 18. Qf3 Rf7 19. Nf1 fxe4 20. Qxe4 Raf8 21. Ng3 Ng4 22. Be3 Qh4 23. h3 Nf6 24. Qc2 g6 25. Qd2 Nxh3+ 26. gxh3 Qxh3 27. Re2 Ng4 28. Nf1 e4 29. Qc2 Ne5 0-1

[Event "Aurora Spring op"]
[Site "Aurora CAN"]
[Date "2014.03.09"]
[Round "5.2"]
[White "Zhang, Yuanchen"]
[Black "Song, Michael"]
[Result "1/2-1/2"]
[WhiteElo "2118"]
[BlackElo "2242"]
[PlyCount "60"]
[GameId "2160767909149645"]
[EventDate "2014.03.08"]
[EventType "swiss"]
[EventRounds "5"]
[EventCountry "CAN"]
[SourceTitle "EXT 2022"]
[Source "ChessBase"]
[SourceDate "2021.10.06"]
[SourceVersion "1"]
[SourceVersionDate "2021.10.06"]
[SourceQuality "1"]

1. d4 Nf6 2. c4 g6 3. Nc3 d5 4. Nf3 Bg7 5. Qb3 dxc4 6. Qxc4 O-O 7. e4 Bg4 8. Be2 Nfd7 9. Be3 Nb6 10. Qc5 N8d7 11. Qa3 c6 12. O-O-O Qe8 13. e5 Nd5 14. Nxd5 cxd5 15. h3 Bf5 16. Bd3 Bxd3 17. Qxd3 Nb6 18. b3 a5 19. a4 Nc8 20. h4 b5 21. Qxb5 Qxb5 22. axb5 Rb8 23. h5 Rxb5 24. hxg6 hxg6 25. Bh6 f6 26. Rh3 Rb6 27. Rdh1 Bxh6+ 28. Rxh6 Kf7 29. Rh8 Rxh8 30. Rxh8 Rc6+ 1/2-1/2

[Event "Aurora Fall op"]
[Site "Aurora CAN"]
[Date "2013.10.19"]
[Round "2.3"]
[White "Plotkin, Victor"]
[Black "Zhang, Yuanchen"]
[Result "1/2-1/2"]
[WhiteElo "2393"]
[BlackElo "2222"]
[PlyCount "110"]
[GameId "2160767909224960"]
[EventDate "2013.10.19"]
[EventType "swiss"]
[EventRounds "5"]
[EventCountry "CAN"]

1. e4 e5 2. Nf3 Nc6 3. Bc4 Bc5 4. O-O Nf6 5. d3 a6 6. c3 d6 7. Bb3 Ba7 8. Nbd2 O-O 9. Re1 Be6 10. Nf1 d5 11. Bg5 dxe4 12. dxe4 Qxd1 13. Raxd1 Bxb3 14. axb3 Ng4 15. Bh4 f6 16. Rd7 Rf7 17. Red1 Nh6 18. h3 Kf8 19. g4 g5 20. Bg3 Ke8 21. R7d5 Ne7 22. R5d3 Ng6 23. Kg2 Re7 24. N1h2 Nf7 25. h4 h6 26. h5 Nf8 27. Nd2 Ne6 28. Nhf1 Nf4+ 29. Bxf4 exf4 30. f3 Ne5 31. Rd5 b5 32. Nb1 Rd7 33. Na3 Rad8 34. c4 c6 35. Rxd7 Rxd7 36. Ra1 Rd3 37. cxb5 Rxb3 38. bxc6 Rxb2+ 39. Kh1 Nd3 40. Nc4 Rc2 41. Nfd2 Be3 42. Rxa6 Bxd2 43. Nxd2 Nf2+ 44. Kg1 Rxd2 45. Ra8+ Rd8 46. Rxd8+ Kxd8 47. Kxf2 Kc7 48. Ke2 Kxc6 49. Kd3 Kc5 50. Kc3 Kd6 51. Kd4 Ke6 52. Kc4 Kd6 53. Kb5 Kd7 54. Kc5 Kc7 55. Kd5 Kd7 1/2-1/2

[Event "Aurora Fall op"]
[Site "Aurora CAN"]
[Date "2013.10.19"]
[Round "3.3"]
[White "Zhang, Yuanchen"]
[Black "Zeromskis, Egidijus"]
[Result "1/2-1/2"]
[WhiteElo "2222"]
[BlackElo "2208"]
[PlyCount "44"]
[GameId "2160767909224970"]
[EventDate "2013.10.19"]
[EventType "swiss"]
[EventRounds "5"]
[EventCountry "CAN"]

1. d4 Nf6 2. c4 c5 3. d5 e5 4. Nc3 d6 5. e4 g6 6. Bd3 Bg7 7. Nge2 O-O 8. O-O Na6 9. a3 Nc7 10. b4 b6 11. Rb1 Bd7 12. Bd2 Nh5 13. Bc2 f5 14. f3 Nf6 15. bxc5 bxc5 16. Ba4 Rb8 17. Qc2 fxe4 18. Nxe4 Rxb1 19. Rxb1 Nxe4 20. fxe4 Bc8 21. Ng3 Qh4 22. Rf1 Bh6 1/2-1/2

[Event "Aurora Fall op"]
[Site "Aurora CAN"]
[Date "2013.10.20"]
[Round "5.5"]
[White "Zhang, Yuanchen"]
[Black "Cormier, Adam"]
[Result "0-1"]
[WhiteElo "2222"]
[BlackElo "2237"]
[PlyCount "68"]
[GameId "2160767909224991"]
[EventDate "2013.10.19"]
[EventType "swiss"]
[EventRounds "5"]
[EventCountry "CAN"]

1. d4 d5 2. c4 e6 3. Nc3 c6 4. Nf3 dxc4 5. a4 Bb4 6. e3 b5 7. Bd2 a5 8. axb5 Bxc3 9. Bxc3 cxb5 10. b3 Bb7 11. bxc4 b4 12. Bb2 Nf6 13. Bd3 O-O 14. O-O Nbd7 15. Re1 Qc7 16. e4 e5 17. Nxe5 Nxe5 18. dxe5 Nd7 19. Bf1 Nc5 20. Qd6 Qxd6 21. exd6 a4 22. Rad1 a3 23. Bd4 Nb3 24. d7 a2 25. Bb2 Bc6 26. g3 Nc5 27. Bg2 Bxd7 28. e5 Rab8 29. Rd5 Na4 30. Rxd7 Nxb2 31. Ra7 Nd3 32. Rd1 b3 33. Be4 b2 34. Ra3 b1=Q 0-1

[Event "NAYCC U12"]
[Site "Toronto CAN"]
[Date "2013.08.14"]
[Round "1"]
[White "Zhang, Zhehai"]
[Black "Zhang, Yuanchen"]
[Result "0-1"]
[WhiteElo "1526"]
[BlackElo "2203"]
[PlyCount "130"]
[GameId "2160767909267257"]
[EventDate "2013.08.14"]
[EventType "swiss"]
[EventRounds "9"]
[EventCountry "CAN"]
[SourceTitle "hb 2013"]

1. e4 e5 2. Nf3 Nc6 3. Bc4 Bc5 4. d3 Nf6 5. O-O O-O 6. c3 a6 7. Bb3 Ba7 8. Nbd2 d6 9. h3 Be6 10. Bc2 h6 11. Re1 b5 12. Nf1 d5 13. Qe2 dxe4 14. dxe4 Bc4 15. Qd1 Qe7 16. Nh4 Rad8 17. Qf3 Nh7 18. Nf5 Qf6 19. Qg3 Qg6 20. Be3 Qxg3 21. N1xg3 Bxe3 22. Nxe3 Be6 23. Bb3 Rd2 24. Re2 Rxe2 25. Nxe2 Nf6 26. Ng3 Rd8 27. Bxe6 fxe6 28. Rd1 Rxd1+ 29. Nxd1 Kf7 30. Kf1 Ke7 31. Ke2 Kd6 32. Kd3 Ne7 33. Ne2 c5 34. b3 Nc6 35. f3 Nd7 36. Ke3 Nb6 37. Nb2 a5 38. g4 g5 39. Kf2 c4 40. bxc4 bxc4 41. Ng3 a4 42. a3 Na7 43. Nf1 Nb5 44. Nd2 Nxa3 45. Ke1 Nc2+ 46. Kd1 Ne3+ 47. Ke2 a3 48. Kxe3 a2 49. Ndxc4+ Nxc4+ 50. Nxc4+ Kc7 51. Nxe5 a1=Q 52. Kd3 Qf1+ 53. Ke3 Qxh3 54. c4 Qg3 55. Nd3 h5 56. gxh5 g4 57. h6 Qxf3+ 58. Kd4 Qf6+ 59. e5 Qxh6 60. c5 g3 61. Ne1 Qd2+ 62. Kc4 Qxe1 63. Kb5 Qe4 64. Ka5 Kc6 65. Ka6 Qa4# 0-1

[Event "NAYCC U12"]
[Site "Toronto CAN"]
[Date "2013.08.15"]
[Round "2"]
[White "Zhang, Yuanchen"]
[Black "Cai, Jason"]
[Result "1-0"]
[WhiteElo "2203"]
[BlackElo "1778"]
[PlyCount "97"]
[GameId "2160767909267285"]
[EventDate "2013.08.14"]
[EventType "swiss"]
[EventRounds "9"]
[EventCountry "CAN"]
[SourceTitle "EXT 2022"]
[Source "ChessBase"]
[SourceDate "2021.10.06"]
[SourceVersion "1"]
[SourceVersionDate "2021.10.06"]
[SourceQuality "1"]

1. d4 Nf6 2. c4 c5 3. d5 b5 4. Nf3 g6 5. cxb5 a6 6. b6 d6 7. Nc3 Nbd7 8. e4 Bg7 9. Bd3 Qxb6 10. a4 O-O 11. a5 Qa7 12. Bf4 Rb8 13. Qc2 Ng4 14. O-O Nde5 15. Nxe5 Nxe5 16. Be2 f5 17. f3 Bd7 18. Be3 Qb7 19. Na4 fxe4 20. fxe4 Rxf1+ 21. Kxf1 Bb5 22. Nb6 Nd7 23. Bxb5 axb5 24. Nxd7 Qxd7 25. a6 Ra8 26. Ra5 b4 27. b3 Qc8 28. Qe2 Qd7 29. h3 Ra7 30. Qg4 Qd8 31. Qe6+ Kh8 32. Ra2 Qb8 33. h4 Rxa6 34. Rxa6 Qb5+ 35. Kg1 Qxa6 36. Qxe7 Qa1+ 37. Kf2 Qf6+ 38. Qxf6 Bxf6 39. Ke2 Bxh4 40. Bf4 Be7 41. e5 dxe5 42. Bxe5+ Kg8 43. Kd3 Kf7 44. Kc4 Bf8 45. Kb5 g5 46. Kc6 Ke8 47. d6 Bxd6 48. Kxd6 Kd8 49. Kxc5 1-0

[Event "NAYCC U12"]
[Site "Toronto CAN"]
[Date "2013.08.15"]
[Round "3"]
[White "Chen, Richard"]
[Black "Zhang, Yuanchen"]
[Result "0-1"]
[WhiteElo "1942"]
[BlackElo "2203"]
[PlyCount "118"]
[GameId "2160767909267290"]
[EventDate "2013.08.14"]
[EventType "swiss"]
[EventRounds "9"]
[EventCountry "CAN"]
[SourceTitle "EXT 2022"]
[Source "ChessBase"]
[SourceDate "2021.10.06"]
[SourceVersion "1"]
[SourceVersionDate "2021.10.06"]
[SourceQuality "1"]

1. e4 e5 2. d4 exd4 3. Qxd4 Nc6 4. Qe3 d6 5. Nc3 Nf6 6. Bd2 Be7 7. O-O-O O-O 8. Qg3 Ng4 9. h4 f5 10. f3 Nf6 11. h5 Kh8 12. Bd3 fxe4 13. Nxe4 Ne5 14. Bc3 Nxe4 15. Bxe4 Bf6 16. Bxe5 Bxe5 17. Qg6 Bf4+ 18. Kb1 hxg6 19. hxg6+ Bh6 20. g4 Qe7 21. Bd3 Bd7 22. Rh5 Rae8 23. g5 Qxg5 24. Rxg5 Bxg5 25. Ne2 Bf5 26. Bc4 Bxg6 27. Rg1 Bf7 28. Bd3 Bh6 29. Nd4 Bh5 30. Be4 Rxe4 31. fxe4 Be3 32. Rh1 Bxd4 33. Rxh5+ Kg8 34. c3 Be5 35. Rg5 Rf4 36. Kc2 Rxe4 37. Kd3 Re1 38. Rg2 Kf7 39. Kd2 Rf1 40. Ke2 Rf4 41. Ke3 Kf6 42. b4 g5 43. Kd2 Kf5 44. a4 g4 45. a5 Rf3 46. c4 g3 47. Ke2 Rb3 48. b5 Rb2+ 49. Kf3 Rxg2 50. Kxg2 Kg4 51. a6 b6 52. c5 dxc5 53. Kf1 Kf3 54. Ke1 g2 55. Kd2 g1=Q 56. Kc2 Qa1 57. Kd2 Qb2+ 58. Kd1 Bf4 59. Ke1 Qa1# 0-1

[Event "NAYCC U12"]
[Site "Toronto CAN"]
[Date "2013.08.16"]
[Round "4"]
[White "Zhang, Yuanchen"]
[Black "Shen, Christopher"]
[Result "1-0"]
[WhiteElo "2203"]
[BlackElo "2018"]
[PlyCount "91"]
[GameId "2160767909267339"]
[EventDate "2013.08.14"]
[EventType "swiss"]
[EventRounds "9"]
[EventCountry "CAN"]
[SourceTitle "EXT 2022"]
[Source "ChessBase"]
[SourceDate "2021.10.06"]
[SourceVersion "1"]
[SourceVersionDate "2021.10.06"]
[SourceQuality "1"]

1. d4 Nf6 2. c4 e6 3. Nc3 Bb4 4. e3 O-O 5. Bd3 Bxc3+ 6. bxc3 b6 7. Nf3 Ba6 8. O-O Nc6 9. e4 Ne8 10. Qe2 Na5 11. e5 f6 12. Ba3 d6 13. exd6 Nxd6 14. Qxe6+ Kh8 15. Bxd6 cxd6 16. Qh3 g6 17. Bxg6 Qe7 18. Rfe1 Qg7 19. Bc2 Bc8 20. Qg3 Qxg3 21. hxg3 Kg7 22. Re7+ Rf7 23. Rae1 f5 24. Nh4 Nxc4 25. Nxf5+ Kf6 26. Rxf7+ Kxf7 27. Be4 Rb8 28. Bd5+ Kf6 29. Re8 b5 30. Ne7 Nb6 31. Bc6 Kf7 32. g4 Ra8 33. Nxc8 Rxc8 34. Rxc8 Nxc8 35. Bxb5 Kf6 36. Kh2 Nb6 37. c4 h6 38. Kg3 a5 39. f4 Nc8 40. c5 Na7 41. Ba4 dxc5 42. dxc5 Nc8 43. Kh4 Kg6 44. c6 Nb6 45. c7 Kf6 46. Bd7 1-0

[Event "NAYCC U12"]
[Site "Toronto CAN"]
[Date "2013.08.16"]
[Round "5"]
[White "Xu, Jeffrey"]
[Black "Zhang, Yuanchen"]
[Result "0-1"]
[WhiteElo "1976"]
[BlackElo "2203"]
[PlyCount "92"]
[GameId "2160767909267364"]
[EventDate "2013.08.14"]
[EventType "swiss"]
[EventRounds "9"]
[EventCountry "CAN"]
[SourceTitle "EXT 2022"]
[Source "ChessBase"]
[SourceDate "2021.10.06"]
[SourceVersion "1"]
[SourceVersionDate "2021.10.06"]
[SourceQuality "1"]

1. e4 e5 2. Nf3 Nc6 3. Bb5 a6 4. Ba4 Nf6 5. O-O Nxe4 6. d4 b5 7. Bb3 d5 8. dxe5 Be6 9. Nbd2 Nc5 10. c3 Be7 11. Bc2 d4 12. cxd4 Nxd4 13. Nxd4 Qxd4 14. Nf3 Qxd1 15. Rxd1 O-O 16. Ng5 h6 17. Nxe6 Nxe6 18. Be3 Rad8 19. Rac1 c5 20. Kf1 c4 21. Ke2 f6 22. Bf5 Kf7 23. exf6 Bxf6 24. Bxe6+ Kxe6 25. Rxd8 Rxd8 26. Rc2 Rd5 27. Bc1 Kd6 28. Rd2 b4 29. Rxd5+ Kxd5 30. Kd1 a5 31. Kc2 a4 32. Be3 b3+ 33. axb3 axb3+ 34. Kc1 Ke4 35. g3 h5 36. h4 Kf3 37. Kb1 c3 38. bxc3 Bxc3 39. Kc1 Be1 40. Bd4 g6 41. Kb2 Bxf2 42. Bf6 Kxg3 43. Kxb3 Kh3 44. Kc2 Bxh4 45. Bd4 Kg2 46. Kd3 Kg3 0-1

[Event "NAYCC U12"]
[Site "Toronto CAN"]
[Date "2013.08.17"]
[Round "6"]
[White "Zhang, Yuanchen"]
[Black "Asaria, Danial"]
[Result "1-0"]
[WhiteElo "2220"]
[BlackElo "2022"]
[PlyCount "91"]
[GameId "2160767909267392"]
[EventDate "2013.08.14"]
[EventType "swiss"]
[EventRounds "9"]
[EventCountry "CAN"]
[SourceTitle "EXT 2022"]
[Source "ChessBase"]
[SourceDate "2021.10.06"]
[SourceVersion "1"]
[SourceVersionDate "2021.10.06"]
[SourceQuality "1"]

1. d4 d5 2. c4 c6 3. Nc3 Nf6 4. Nf3 dxc4 5. a4 Nd5 6. e4 Nxc3 7. bxc3 b5 8. Be3 e6 9. Be2 Be7 10. O-O Bb7 11. Qc2 a6 12. Rfb1 Qc7 13. Qb2 Bc8 14. d5 Bd7 15. dxc6 Bxc6 16. axb5 Bxe4 17. Rd1 Qb7 18. Bxc4 O-O 19. Qe2 axb5 20. Rxa8 Qxa8 21. Bxb5 Rd8 22. Rxd8+ Bxd8 23. Qd1 Bf6 24. h3 h6 25. c4 Nc6 26. Qa4 Qxa4 27. Bxa4 Bxf3 28. gxf3 Ne5 29. c5 Nxf3+ 30. Kf1 Be5 31. Bd1 Ng5 32. f4 Bc7 33. fxg5 hxg5 34. Bxg5 f6 35. Be3 Kf7 36. Bb3 Ke7 37. Ke2 e5 38. Kd3 f5 39. Bg5+ Kd7 40. Kc4 Ke6 41. Kb5+ Kd7 42. Bd5 e4 43. Ka6 Bd8 44. Bxd8 Kxd8 45. Kb7 e3 46. Bf3 1-0

[Event "NAYCC U12"]
[Site "Toronto CAN"]
[Date "2013.08.17"]
[Round "7"]
[White "Kelly, Joey M"]
[Black "Zhang, Yuanchen"]
[Result "1/2-1/2"]
[WhiteElo "1936"]
[BlackElo "2203"]
[PlyCount "58"]
[GameId "2160767909275593"]
[EventDate "2013.08.14"]
[EventType "swiss"]
[EventRounds "9"]
[EventCountry "CAN"]
[SourceTitle "hb 2013"]

1. d4 Nf6 2. c4 e6 3. Nf3 b6 4. a3 Bb7 5. Nc3 d5 6. cxd5 exd5 7. Qc2 Be7 8. Bg5 O-O 9. e3 Ne4 10. Bxe7 Qxe7 11. Bd3 Nd7 12. O-O c5 13. Rac1 Rac8 14. Rfd1 cxd4 15. Nxd4 Ndf6 16. Qb3 Ng4 17. Nxe4 dxe4 18. Be2 Ne5 19. Nf5 Qf6 20. Rxc8 Bxc8 21. Nd6 Ng4 22. Bxg4 Bxg4 23. Rd4 Qg6 24. Kf1 Be6 25. Qc2 f5 26. h3 h6 27. Qd2 Qf6 28. Nb5 Qe7 29. Nc3 Rc8 1/2-1/2

[Event "NAYCC U12"]
[Site "Toronto CAN"]
[Date "2013.08.18"]
[Round "8"]
[White "Zhang, Yuanchen"]
[Black "Doknjas, Joshua"]
[Result "1-0"]
[WhiteElo "2203"]
[BlackElo "1856"]
[PlyCount "101"]
[GameId "2160767909275637"]
[EventDate "2013.08.14"]
[EventType "swiss"]
[EventRounds "9"]
[EventCountry "CAN"]
[SourceTitle "EXT 2022"]
[Source "ChessBase"]
[SourceDate "2021.10.06"]
[SourceVersion "1"]
[SourceVersionDate "2021.10.06"]
[SourceQuality "1"]

1. d4 d5 2. c4 dxc4 3. Nf3 Nf6 4. e3 Bg4 5. Bxc4 e6 6. O-O Nbd7 7. h3 Bh5 8. Nc3 Bd6 9. Be2 O-O 10. e4 e5 11. Be3 Bg6 12. dxe5 Nxe5 13. Nd2 Bb4 14. f4 Nd3 15. f5 Bh5 16. Bxh5 Nxb2 17. Qc2 Nxh5 18. Qxb2 Qd3 19. Nd5 Bxd2 20. Qxd2 Qxe4 21. Nc3 Qe7 22. Rad1 Rad8 23. Qf2 b6 24. Rfe1 Qb4 25. Nd5 Qd6 26. Qf3 Nf6 27. Nxb6 Qb4 28. Rb1 Qa3 29. Nc4 Qxa2 30. Ne5 Qd5 31. Qxd5 Rxd5 32. Bxa7 Re8 33. Rb8 Rxb8 34. Bxb8 g6 35. fxg6 hxg6 36. Bxc7 Kg7 37. Kf2 Nd7 38. Nxd7 Rxd7 39. Be5+ f6 40. Bc3 Rc7 41. Re3 Ra7 42. Rf3 Ra6 43. Kg3 Kf7 44. Rxf6+ Rxf6 45. Bxf6 Kxf6 46. Kg4 Kf7 47. Kg5 Kg7 48. g4 Kh7 49. Kf6 Kh6 50. h4 g5 51. h5 1-0

[Event "NAYCC U12"]
[Site "Toronto CAN"]
[Date "2013.08.18"]
[Round "9"]
[White "Zotkin, Daniel"]
[Black "Zhang, Yuanchen"]
[Result "0-1"]
[WhiteElo "1974"]
[BlackElo "2203"]
[PlyCount "140"]
[GameId "2160767909275665"]
[EventDate "2013.08.14"]
[EventType "swiss"]
[EventRounds "9"]
[EventCountry "CAN"]
[SourceTitle "hb 2013"]

1. e4 e5 2. Nf3 Nc6 3. Bb5 a6 4. Ba4 Nf6 5. d3 b5 6. Bb3 Be7 7. O-O O-O 8. c3 d6 9. Re1 Na5 10. Bc2 c5 11. Nbd2 Nc6 12. Nf1 Qc7 13. Ng3 h6 14. Be3 Be6 15. a3 d5 16. exd5 Nxd5 17. d4 cxd4 18. cxd4 Rad8 19. Rc1 Nxe3 20. fxe3 Qb6 21. Be4 Na5 22. Nxe5 Bf6 23. Nc6 Rc8 24. Nxa5 Qxa5 25. Qe2 Qb6 26. Qf2 Rfd8 27. Nh5 Be7 28. Qg3 Bf8 29. Qf3 Qd6 30. Nf4 Rxc1 31. Rxc1 Rc8 32. Rf1 Bc4 33. Rf2 b4 34. axb4 Qxb4 35. g3 Be7 36. Nd5 Bxd5 37. Bxd5 Bf6 38. Kg2 a5 39. Qg4 Rd8 40. Be4 Qe7 41. Qf5 g6 42. Qxf6 Qxe4+ 43. Qf3 Qe6 44. Rd2 Re8 45. d5 Qxe3 46. Qxe3 Rxe3 47. d6 Re8 48. d7 Rd8 49. Kf3 Kf8 50. Ke4 Ke7 51. Rd5 Rxd7 52. Rxd7+ Kxd7 53. Kd5 f5 54. b3 Ke7 55. Ke5 Kf7 56. h3 Ke7 57. Kd5 Kf6 58. h4 g5 59. h5 f4 60. gxf4 gxf4 61. Ke4 Kg5 62. Kf3 Kf5 63. Kf2 Ke4 64. Ke2 f3+ 65. Kf2 Kf4 66. Kf1 Ke3 67. b4 a4 68. b5 a3 69. b6 a2 70. b7 a1=Q# 0-1

[Event "Quebec op"]
[Site "Montreal CAN"]
[Date "2013.07.27"]
[Round "8"]
[White "Kiewra, Keaton F"]
[Black "Zhang, Yuanchen"]
[Result "1-0"]
[WhiteElo "2422"]
[BlackElo "2061"]
[PlyCount "95"]
[GameId "2160767909305209"]
[EventDate "2013.07.21"]
[EventType "swiss"]
[EventRounds "9"]
[EventCountry "CAN"]
[SourceTitle "EXT 2014"]
[Source "ChessBase"]
[SourceDate "2013.11.20"]
[SourceVersion "1"]
[SourceVersionDate "2013.11.20"]
[SourceQuality "1"]

1. e4 e5 2. Nc3 Nf6 3. Bc4 Nc6 4. d3 Bc5 5. Be3 d6 6. Qd2 O-O 7. Bxc5 dxc5 8. f4 exf4 9. Qxf4 Qd6 10. Nge2 a6 11. O-O Bg4 12. Qg5 h6 13. Qh4 Bxe2 14. Nxe2 b5 15. Rxf6 Qxf6 16. Qxf6 gxf6 17. Bd5 Ne5 18. Bxa8 Rxa8 19. Rf1 Kg7 20. Ng3 Kg6 21. Nf5 Re8 22. Nh4+ Kg7 23. h3 c4 24. d4 Nc6 25. Nf5+ Kg6 26. Rf4 Nb4 27. Rg4+ Kh7 28. Rg7+ Kh8 29. Rxf7 Rxe4 30. Rxc7 Rf4 31. g4 h5 32. c3 Nd3 33. Ne7 Rf3 34. gxh5 Rxh3 35. d5 Ne5 36. d6 Rd3 37. Nf5 Rd5 38. Kg2 a5 39. a3 Rd2+ 40. Kg3 Rxb2 41. d7 Nxd7 42. Rxd7 Rb3 43. Nh4 Rxc3+ 44. Kg4 Rc1 45. Ng6+ Kg8 46. h6 Rg1+ 47. Kf5 Rf1+ 48. Ke4 1-0

[Event "Quebec op"]
[Site "Montreal CAN"]
[Date "2013.07.28"]
[Round "9"]
[White "Zhang, Yuanchen"]
[Black "Piasetski, Leon"]
[Result "0-1"]
[WhiteElo "2061"]
[BlackElo "2279"]
[PlyCount "62"]
[GameId "2160767909305221"]
[EventDate "2013.07.21"]
[EventType "swiss"]
[EventRounds "9"]
[EventCountry "CAN"]
[SourceTitle "EXT 2014"]
[Source "ChessBase"]
[SourceDate "2013.11.20"]
[SourceVersion "1"]
[SourceVersionDate "2013.11.20"]
[SourceQuality "1"]

1. d4 g6 2. c4 Bg7 3. Nc3 d6 4. Nf3 c5 5. d5 Bxc3+ 6. bxc3 f5 7. Bf4 Qa5 8. Qc2 Nf6 9. e3 Nbd7 10. Bd3 Nb6 11. Nd2 Bd7 12. f3 Ba4 13. Qb2 O-O 14. O-O Rf7 15. e4 Nh5 16. Bg5 f4 17. Rae1 Nd7 18. Qa3 Qa6 19. Rb1 Ne5 20. Be2 Kg7 21. Bd1 Bb5 22. Qb3 Nxc4 23. Rf2 Na3 24. Rb2 c4 25. Qb4 h6 26. Bh4 g5 27. g4 Nf6 28. Rg2 gxh4 29. g5 hxg5 30. Rxg5+ Kh6 31. Rg2 h3 0-1

[Event "Quebec op inv."]
[Site "Montreal CAN"]
[Date "2013.07.21"]
[Round "1.25"]
[White "Jiang, Louie"]
[Black "Zhang, Yuanchen"]
[Result "1-0"]
[WhiteElo "2324"]
[BlackElo "2061"]
[PlyCount "111"]
[GameId "2160767909305251"]
[EventDate "2013.07.21"]
[EventType "swiss"]
[EventRounds "9"]
[EventCountry "CAN"]

1. e4 e5 2. Nf3 Nc6 3. Bc4 Bc5 4. d3 Nf6 5. c3 a6 6. Bb3 d6 7. Nbd2 O-O 8. Qe2 b5 9. Nf1 Be6 10. Bc2 h6 11. Ng3 Qd7 12. O-O Rfe8 13. Rd1 Bb6 14. h3 d5 15. d4 exd4 16. e5 Nh7 17. cxd4 f5 18. exf6 Nxf6 19. Be3 Rad8 20. Rac1 Bf7 21. Bb1 Ne4 22. Nxe4 dxe4 23. Ne5 Nxe5 24. dxe5 Qf5 25. Rxd8 Rxd8 26. Bxb6 cxb6 27. Qxe4 Qxe4 28. Bxe4 Bxa2 29. Ra1 Rd4 30. Bf5 Rf4 31. Bg4 Bb3 32. Rxa6 Re4 33. Ra3 Bc4 34. Re3 Rxe3 35. fxe3 Kf7 36. Kf2 Bd5 37. g3 Ke7 38. Ke2 Be4 39. h4 Kf7 40. Bf3 Bf5 41. Bd5+ Ke7 42. Kd2 b4 43. e4 Bd7 44. Kd3 Bb5+ 45. Kd4 Ba6 46. Bb3 Bb5 47. Kd5 Kd7 48. e6+ Ke7 49. Bc4 Be8 50. b3 b5 51. Be2 h5 52. Bd3 Bg6 53. Bxb5 Bh7 54. Bc4 Bg6 55. e5 Bf5 56. Kc5 1-0